000 00601pab a2200193 454500
008 180718b2015 xxu||||| |||| 00| 0 eng d
100 _aMalabr, Sayama
245 _aIncreasing students achievement in national examination through developing contextual textbook (a case of Indonesia)
260 _c2015
300 _ap.1105-1117.
362 _aOct-Dec
650 _aAcademic achievement - Indonesia
650 _aTextbooks - Indonesia
650 _aExaminations - Indonesia
650 _aStudents - Indonesia
650 _aAcademic achievement
773 _aMan in India
909 _a110355
999 _c110350
_d110350